| 000 | 01922nam a2200289Ia 4500 | ||
|---|---|---|---|
| 001 | E9686 | ||
| 003 | IT-RoPAU | ||
| 008 | 130308s9999 xx 000 0 und d | ||
| 040 | _aIT-RoPAU | ||
| 040 | _cIT-RoPAU | ||
| 041 | _aITALIANO | ||
| 100 | _aMarrone Gianfranco | ||
| 100 | _gCodice Aut. SPICS: 35715 | ||
| 245 | _aEstetica del telegiornale. Identità di testata e stili comunicativi | ||
| 245 | _bEstetica del Telegiornale. Identita' di Testata e Stili Comunicativi | ||
| 250 | _a1a ed. | ||
| 260 | _aROMA | ||
| 260 | _bMeltemi | ||
| 260 | _c1998 [1° Ed.:1998 - Ed.Ling.Originale:1998] | ||
| 300 | _a"288 p. (prefazione: no ; testo: 288)" | ||
| 500 | _aQuali le Differenze tra I vari telegiornali Italiani? Dipendono Dalla simpatia dei Conduttori o Dall'Obiettività Informativa? Perche' Decidiamo di Seguire un Tg Invece di un Altro? Ricerca delle Armi con le Quali I telegiornali Combattono la Guerra dell'Audience. Presentazione: Problema Informazione e Spettacolo, Cosa significa Estetica del Telegiornale, Semiotica del testo , Oggetto Come Ritaglio relativamente Casuale. seconda parte di Analisi.Narrazione Giornalistica: Dalla Serie di Eventi al Racconto Giornalistico,Telegiornale Come Racconto, Superficie e Profondità, Fatti di Africo, Maltempo Come Metafora, Dalla Struttura a Cornice All'Unità Romanzesca, Altreforme di collegamento delle Notizie, Soglie e Limiti del Ritmo, Natura della Notizia. temi e Patemi: Ragione Azione e Passione, Discorso della passione e Appassionato, Caso Passionale: Operazione del Papa. Conclusioni: tra Quotidiani e Televisione: nozione di Genere, strategie di Ri Generazione, Tele/Giornale. Identità di Testata: Quattro Tipi di Pubblico, relazioni Reciproche, Singole Testate. Informazione televisiva Italiana. Bibliografia. | ||
| 650 | _aTEORICHE TELEVISIVE | ||
| 650 | _eCodice materia Spics: 6955 | ||
| 942 | _cBK | ||
| 957 | _71 | ||
| 999 |
_c93930 _d93930 |
||
| 999 | _g1 | ||